Snapshot -Californian Immigration by Country 2002 - Statistics

General Stats
  • This quiz has been taken 506 times
  • The average score is 28 of 36
Answer Stats
Hint Answer % Correct
105,678 Mexico
100%
22,494 China+Hong Kong
97%
3,360 United Kingdom
96%
18,265 India
95%
3,230 Russia
95%
1,236 Brazil
94%
2,896 Japan
92%
1,094 France
91%
1,431 Germany
91%
1,285 Honduras
90%
1,455 Colombia
88%
7,639 Guatemala
88%
1,843 Pakistan
88%
7,139 South Korea
88%
13,126 Vietnam
88%
936 Argentina
86%
13,495 El Salvador
86%
21,971 Philippines
86%
7,420 Iran
85%
3,785 Nicaragua
85%
1,144 Indonesia
83%
2,426 Peru
83%
787 Iraq
81%
1,466 Thailand
81%
795 Egypt
75%
3,665 Ukraine
75%
702 Syria
73%
921 Cambodia
70%
5,120 Taiwan
70%
751 South Africa
68%
1,066 Israel
66%
948 Ethiopia
50%
774 Romania
50%
1,391 Armenia
40%
901 Bosnia-Herzegovina
17%
926 Fiji
17%
No matching quizzes found
Score Distribution
Percent of People with Each Score
Percentile by Number Answered
Your Score History
You have not taken this quiz